000 03586njm a2200529Ia 4500
001 25663
003 IT-RoPAU
005 20220918181120.0
008 131025s9999 xx 000 0 und d
040 _aIT-RoPAU
040 _cIT-RoPAU
041 _aITALIANO
999 _c99702
_d99702
999 _bNO
100 _aAA.VV.
_9794
100 _eAutore musica
_913241
100 _gCodice autore musica SPICS: 12000
_9796
245 _aWorld of Neapolitan Song (The)
250 _a2a ed.
260 _aLONDON
260 _bDECCA RECORD COMPANY
_c1973 [1a Ed.:1965]
300 _aDISCO
500 _aCanzone italiana. Canzone napoletana. Napoli
505 _aTorna a Surriento - Sona chitarra! - A canzone 'e Napule - Ti voglio tanto bene - La barcillunisa - Muttetti di lu paliu - Cantu a Timuni - Chiovu 'abballati' - Firenze sogna - Chitarra romana - Parlami d'amore Mariù - Catari, catari - Munasterio 'e Santa Chiara - Napule canta - 'O surdato 'nnammurato - Scetate! - Addio, mia bella Napoli
650 _aCANZONE NAPOLET [DISCHI]
_eCodice MATERIA SPICS: 9950
_913242
700 _aDi Stefano Giuseppe
_gCodice interprete SPICS: 11549
_eInterprete
_913243
700 _aDe Curtis Ernesto
_gCodice autore testo/musica SPICS: 13475
_eAutore testo/musica
_pTorna a Surriento - Sona chitarra! - A canzone 'e Napule - Ti voglio tanto bene
_913246
700 _aBovio Libero
_gCodice autore musica SPICS: 13462
_eAutore musica
_pA canzone 'e Napule
_913247
700 _aFurnò Domenico
_gCodice autore musica SPICS: 13476
_eAutore musica
_pTi voglio tanto bene
_913248
700 _aAnonimo
_gCodice autore musica SPICS: 2620
_eAutore musica
_pLa barcillunisa - Muttetti di lu paliu - Cantu a Timuni - Chiovu 'abballati'
_913249
700 _aFavara
_gCodice autore SPICS: 27752
_eAutore
_pLa barcillunisa - Muttetti di lu paliu - Cantu a Timuni - Chiovu 'abballati'
_913250
700 _aCesarini Cesare
_gCodice autore testo/musica SPICS: 13620
_eAutore testo/musica
_pFirenze sogna
_913251
700 _aBruno C.
_gCodice autore musica SPICS: 13502
_eAutore musica
_pChitarra romana
_913252
700 _aLazzaro
_gCodice autore testo/musica SPICS: 16140
_eAutore testo/musica
_pChitarra romana
_913253
700 _aNeri Ennio
_gCodice autore musica SPICS: 13457
_eAutore musica
_pParlami d'amore Mariù
_913254
700 _aBixio Cesare Andrea
_gCodice autore testo/musica SPICS: 13441
_eAutore testo/musica
_pParlami d'amore Mariù
_913255
700 _aCardillo Salvatore
_gCodice autore musica SPICS: 13703
_eAutore musica
_pCatari, catari
_913256
700 _aCordiferro Riccardo
_gCodice autore SPICS: 13704
_eAutore
_pCatari, catari
_913257
700 _aFields Dorothy
_gCodice autore testo/musica SPICS: 15865
_eAutore testo/musica
_pCatari, catari
_913258
700 _aGaldieri Michele
_gCodice autore musica SPICS: 13370
_eAutore musica
_pMunasterio 'e Santa Chiara
_913259
700 _aBarberis Alberto
_gCodice autore testo/musica SPICS: 13596
_eAutore testo/musica
_pMunasterio 'e Santa Chiara
_913260
700 _aTagliaferri Ernesto
_gCodice autore testo/musica SPICS: 13714
_eAutore testo/musica
_pNapule canta
_913261
700 _aCannio Enrico
_gCodice autore musica SPICS: 13705
_eAutore musica
_p'O surdato 'nnammurato
_913262
700 _aCalifano Aniello
_gCodice autore testo/musica SPICS: 13470
_eAutore testo/musica
_p'O surdato 'nnammurato
_913263
700 _aCosta A.
_gCodice autore testo/musica SPICS: 13206
_eAutore testo/musica
_pScetate!
_913264
700 _aValente Nicola
_gCodice autore testo/musica SPICS: 13463
_eAutore testo/musica
_pAddio, mia bella Napoli
_913265
942 _cMD
_2ddc